00914nam a2200253 a 450000100060000000300080000600500170001400800410003102000150007202000220008703500190010904000270012804100080015508200200016324500760018326000450025930000260030449000350033050400500036565000820041594200120049799900170050995201340052663872BD-RjUL20211209081239.0170204s1972 enk 001 0 eng d a0710072740 a0710072759 (pbk.) a(BD-RjUL)64002 aDLCcDLCbengdBD-RjUL aeng a941.8bNON 197210aNonconformity in the nineteenth century /cedited by David M. Thompson. aLondon :bRoutledge & Kegan Paul,c1972. axiv, 281 p. ;c22 cm.0 aBirth of modern Britain series aIncludes bibliography (p. 275-278) and index. 0aDissenters, ReligiouszGreat BritainxHistoryy19th centuryxSources.9189646 2ddccBK c63872d63872 00102ddc40718NFICaRUCLbRUCLcReadingd1976-12-30eUNESCOg1.95l0o941.8 NON 1972r2017-02-04 00:00:00tC-1w2017-02-04yBK